[Event "Badalona op-C 41st"]
[Site "Badalona"]
[Date "2015.08.07"]
[Round "6.5"]
[White "Torrubia De Nova, Guillermo"]
[Black "Serentill Tost, Eduard"]
[Result "1-0"]
[WhiteElo "1892"]
[BlackElo "1857"]
[PlyCount "53"]
[EventDate "2015.08.02"]
[EventType "swiss"]
[EventRounds "9"]
[EventCountry "ESP"]
[SourceTitle "EXT 2024"]
[Source "ChessBase"]
[SourceDate "2023.10.10"]
[SourceVersion "1"]
[SourceVersionDate "2023.10.10"]
[SourceQuality "1"]

1. Nf3 Nf6 2. g3 g6 3. Bg2 Bg7 4. 0-0 0-0 5. d4 d5 6. Nbd2 c6 7. c3 Nbd7 8. Re1 Ne8 9. e4 dxe4 10. Nxe4 Nd6 11. Bg5 Nxe4 12. Rxe4 Nf6 13. Re2 h6 14. Bf4 Nd5 15. Bd2 Re8 16. Ne5 Nb6 17. Qc1 g5 18. Qc2 Be6 19. f4 Nc4 20. fxg5 Nxd2 21. Qxd2 hxg5 22. Qxg5 f6 23. Nxc6 bxc6 24. Qc5 Bd5 25. Rae1 Kf7 26. Bh3 Qd6 27. Rxe7+ 1-0